Sports Quiz

Random Sports Quiz

All-time WrestleMania Performers Part 2 Quiz Stats

 Plays Quiz not verified by Sporcle

Challenge
Share
Tweet
Embed
Score 0/150 Timer 20:00
0 Plays Today
Event Wrestler % Correct
Wrestlemania VIThe Rockers- Shawn Michaels
98.7%
Wrestlemania VIHulk Hogan
98.7%
Wrestlemania VIIIShawn Michaels
97.6%
Wrestlemania VIHart Foundation- Bret Hart
97.1%
Wrestlemania XBret “Hit Man” Hart
97.1%
Wrestlemania VIRandy 'Macho King' Savage
96%
Wrestlemania VIIHart Foundation- Bret Hart
96%
Wrestlemania VIIIMoney Inc- 'Million Dollar Man'- Ted Dibiase
95.8%
Wrestlemania VIIThe Rockers- Shawn Michaels
95.6%
Wrestlemania VIIHulk Hogan
95.1%
Wrestlemania XRandy 'Macho Man' Savage
94.6%
Wrestlemania XShawn Michaels
94.4%
Wrestlemania VIIIBret “Hit Man” Hart
94.3%
Wrestlemania IXShawn Michaels
94.3%
Wrestlemania IXHulk Hogan
94.1%
Wrestlemania IXUndertaker
93.9%
Wrestlemania VI'Million Dollar Man'- Ted Dibiase
93.8%
Wrestlemania VIIUndertaker
93.6%
Wrestlemania VIIUltimate Warrior
93.6%
Wrestlemania VIIIOwen Hart
93.6%
Wrestlemania IXMoney Inc.- I.R.S.
93.6%
Wrestlemania VIIIHulk Hogan
93.4%
Wrestlemania VIHart Foundation- Jim Neidhart
93.3%
Wrestlemania IXBret “Hit Man” Hart
93.3%
Wrestlemania VIIHart Foundation- Jim Neidhart
93.1%
Wrestlemania VII'The Model' Rick Martel
93.1%
Wrestlemania IXMoney Inc- 'Million Dollar Man'- Ted Dibiase
93.1%
Wrestlemania VIIIRandy 'Macho Man' Savage
92.9%
Wrestlemania IXYokozuna
92.9%
Wrestlemania IXHulk Hogan
92.9%
Wrestlemania VIUltimate Warrior
92.6%
Wrestlemania XOwen Hart
92.6%
Wrestlemania VIDemolition- Ax
92.1%
Wrestlemania VIDemolition- Smash
92.1%
Wrestlemania VIIDemolition- Ax
92.1%
Wrestlemania IXMr. Perfect
91.6%
Wrestlemania VIIThe Rockers- Marty Jannetty
91.2%
Wrestlemania VIJake 'The Snake' Roberts
91.1%
Wrestlemania IXCrush
91.1%
Wrestlemania VIColossal Connection- Andre The Giant
90.9%
Wrestlemania VIIIUndertaker
90.9%
Wrestlemania VIII'The Model' Rick Martel
90.9%
Wrestlemania VIIIMoney Inc.- I.R.S.
90.7%
Wrestlemania VI'The Model' Rick Martel
90.6%
Wrestlemania VIIJake 'The Snake' Roberts
90.6%
Wrestlemania VIIDemolition- Smash
90.6%
Wrestlemania VIITito Santana
90.6%
Wrestlemania XYokozuna
90.6%
Wrestlemania IX“The Narcissist” Lex Luger
90.4%
Wrestlemania VI'Rowdy' Roddy Piper
90.2%
Event Wrestler % Correct
Wrestlemania VIIIJake 'The Snake' Roberts
89.7%
Wrestlemania VII'Million Dollar Man'- Ted Dibiase
89.6%
Wrestlemania IXYokozuna
89.6%
Wrestlemania VIIIRic Flair
89.2%
Wrestlemania IXBrutus 'The Barber' Beefcake
89.2%
Wrestlemania VI“Superfly” Jimmy Snuka
89.1%
Wrestlemania VII“Superfly” Jimmy Snuka
89.1%
Wrestlemania VIMr. Perfect
88.9%
Wrestlemania VIDusty Rhodes
88.9%
Wrestlemania VIISgt. Slaughter
88.9%
Wrestlemania XCrush
88.9%
Wrestlemania VIThe Rockers- Marty Jannetty
88.6%
Wrestlemania VIII“El Matador” Tito Santana
88.6%
Wrestlemania VIII'Rowdy' Roddy Piper
88.4%
Wrestlemania IXRazor Ramon
88.4%
Wrestlemania VIBrutus 'The Barber' Beefcake
88.2%
Wrestlemania VIIINatural Disasters- Earthquake
88%
Wrestlemania VIColossal Connection- Haku
87.9%
Wrestlemania VIIMr. Perfect
87.5%
Wrestlemania VITito Santana
87.4%
Wrestlemania VIIHaku
86.2%
Wrestlemania XMen on a Mission- Mo
86.2%
Wrestlemania VIIRandy 'Macho King' Savage
85.9%
Wrestlemania VIIISycho Sid
85.9%
Wrestlemania VIIBig Bossman
85.4%
Wrestlemania VIIThe Nasty Boys- Brian Knobbs
85%
Wrestlemania VIILegion of Doom- Hawk
85%
Wrestlemania XLex Luger
85%
Wrestlemania VIEarthquake
84.5%
Wrestlemania VIBig Bossman
84.2%
Wrestlemania VIIIBig Bossman
83.8%
Wrestlemania VIIVirgil
83.7%
Wrestlemania VIILegion of Doom- Animal
83.5%
Wrestlemania VIIITatanka
83.5%
Wrestlemania VIIIThe Nasty Boys- Brian Knobbs
83.2%
Wrestlemania XRazor Ramon
82.7%
Wrestlemania XBret “Hit Man” Hart
82.7%
Wrestlemania VIIBritish Bulldog
82.3%
Wrestlemania VIIEarthquake
82.3%
Wrestlemania VIIThe Nasty Boys- Jerry Sags
81.6%
Wrestlemania VIIIThe Nasty Boys- Jerry Sags
81.6%
Wrestlemania VIThe Barbarian
81.5%
Wrestlemania VI'Ravishing' Rick Rude
81.3%
Wrestlemania VIIIVirgil
81.3%
Wrestlemania VIIThe Barbarian
81.1%
Wrestlemania IXDoink
81.1%
Wrestlemania VIIISgt. Slaughter
81%
Wrestlemania VIIWarlord
80.3%
Wrestlemania VIIINatural Disasters- Typhoon
79.6%
Wrestlemania IXTatanka
79.5%
Event Wrestler % Correct
Wrestlemania IXSteiner Brothers- Scott Steiner
79%
Wrestlemania XAlundra Blayze
79%
Wrestlemania VIHacksaw Jim Duggan
78.8%
Wrestlemania XYokozuna
78.5%
Wrestlemania IXSteiner Brothers- Rick Steiner
77.9%
Wrestlemania VIAkeem
77.8%
Wrestlemania VIIIHacksaw Jim Duggan
77.3%
Wrestlemania XThe Quebecers- Jacques Rougeau
77.3%
Wrestlemania VIIPower and Glory- Hercules
76.8%
Wrestlemania XMen on a Mission- Mabel
76.6%
Wrestlemania VIHercules
76.4%
Wrestlemania VIIPower and Glory- Paul Roma
76.4%
Wrestlemania IXBob Backlund
76.4%
Wrestlemania IXGiant Gonzalez
76.4%
Wrestlemania XBam Bam Bigelow
76.4%
Wrestlemania VIIDino Bravo
76.3%
Wrestlemania XDink
75.8%
Wrestlemania VIIGreg 'The Hammer' Valentine
75.4%
Wrestlemania IXThe Headshrinkers- Samu
75.4%
Wrestlemania XDoink
75.4%
Wrestlemania VIBad News Brown
74.6%
Wrestlemania VIBolsheviks- Nikolai Volkoff
74.4%
Wrestlemania VIQueen Sherri
73.9%
Wrestlemania XLuna Vachon
73.7%
Wrestlemania VIIIThe Mountie
73.4%
Wrestlemania XEarthquake
73.2%
Wrestlemania VIKoko B. Ware
72.7%
Wrestlemania VIDino Bravo
72.7%
Wrestlemania VIIISkinner
71.4%
Wrestlemania IXThe Headshrinkers- Fatu
71.4%
Wrestlemania VIIThe Mountie
71%
Wrestlemania VIThe Bolsheviks- Boris Zhukov
70.7%
Wrestlemania VIIThe Texas Tornado
70.4%
Wrestlemania VISaphire
69.5%
Wrestlemania VIOrient Express- Pat Tanaka
67.8%
Wrestlemania XLeilani Kai
64.8%
Wrestlemania VIOrient Express- Sato Kato
63.1%
Wrestlemania VIIIRepo Man
61.1%
AllHoward Finkel
58.4%
Wrestlemania VIIKoji Kitao
56.1%
Wrestlemania VIRobert Goulet
55.2%
Wrestlemania XAdam Bomb
55.1%
Wrestlemania VIIGenichiro Tenryu
53.9%
Wrestlemania XThe Quebecers- Pierre Ouelette
53%
Wrestlemania VIIWillie Nelson
50%
Wrestlemania VIIAlex Trebek
46.5%
Wrestlemania VIIRegis Philbin
45.8%
Wrestlemania VIIIReba McEntire
39.6%
Wrestlemania XBurt Reynolds
36.4%
Wrestlemania XLittle Richard
26.9%

You're not logged in!

Compare scores with friends on all Sporcle quizzes.
Join for Free
OR
Log In

You Might Also Like...

Show Comments

Extras

Top Quizzes Today


Score Distribution

Your Account Isn't Verified!

In order to create a playlist on Sporcle, you need to verify the email address you used during registration. Go to your Sporcle Settings to finish the process.

Report this User

Report this user for behavior that violates our Community Guidelines.

Details: